| 000 | 01022cam a2200301 i 4500 | ||
|---|---|---|---|
| 999 |
_c9614 _d9614 |
||
| 001 | 9614 | ||
| 003 | BD-JhCC | ||
| 005 | 20180321140229.0 | ||
| 008 | 180320s1976 nyuaf b 001 0 eng | ||
| 020 |
_a0070590974 : _c$25.00 |
||
| 035 | _a(BD-JhCC)9614 | ||
| 040 |
_aDLC _cDLC _dDLC _dBD-JhCC |
||
| 041 | _aeng | ||
| 050 | 0 | 0 |
_aE208 _b.S67 |
| 082 | 0 | 0 |
_a973.3 _bSMI 1976 |
| 100 | 1 | _aSmith, Page. | |
| 245 | 1 | 2 |
_aA new age now begins : _ba people's history of the American Revolution / _cPage Smith. |
| 260 |
_aNew York : _bMcGraw-Hill, _cc1976. |
||
| 300 |
_a2 v. (xi, 1899 p., [24] leaves of plates) : _bill. ; _c25 cm. |
||
| 500 | _a"Volume[s] one[-two]" of the author's history of the United States. | ||
| 500 | _aIncludes index. | ||
| 504 | _aBibliography: v. 2, p. 1833-1838. | ||
| 651 | 0 |
_aUnited States _xHistory _yRevolution, 1775-1783. |
|
| 651 | 0 |
_aUnited States _xHistory _yRevolution, 1775-1783 _xCampaigns. |
|
| 740 | 0 | _aPeople's history of the American Revolution. | |
| 942 |
_2ddc _cBK |
||